000 nam a22 7a 4500
999 _c7167
_d7167
008 170725b xxu||||| |||| 00| 0 eng d
100 _93743
_aGoyal Mini
245 _aComputer Science CBSE Class XII
260 _aNew Delhi
_bArihant Publication